01375nam a22002057a 450000500170000000800410001702000180005805000210007608200240009710000360012124501350015725000190029226000280031130000180033950000690035750506230042665000500104970000340109970000360113320231102151920.0160416t20022015mx ||||| |||| 00| 0 spa d a978607440733404aKGF915bP47 2015 a346.06 b P438m 2 1 aPérez Chávez, Joséeautor10aManual práctico de sociedades y asociaciones civilesc / José Pérez Chávez, Eladio Campero Guerrero, Raymundo Fol Olguín a15a. edición30aMéxicob: Taxc, 2015 a268 páginas aIncluye índice de contenido, abreviaturas y casos prácticos 1 aConceptos de persona moral para efectos legales Sociedades civiles Asociaciones civiles Sociedades y asociaciones educativas Asociaciones religiosas Ley del impuesto sobre la renta Sociedades y asocioaciones civiles que tributan en el título II de la LISR Sociedades y asociaciones civiles comprendidas en el título III de la LISR Ley del impuesto al valor agregado Sociedad y asociaciones civiles que tributan en el tíyulo II de la LISR Sociedades y asociaciones civiles comprendidas en el título III de la LISR Participacion de los trabajadores en las utilidades Tratamiento fiscal de los socios y asociados14aASOCIACIONESxLEYES Y LEGISLACIÓNzMÉXICO1 aFol Olguín, Raymundoeautor1 aCampero Guerrero, Eladioeautor